000 00663nam a2200253Ia 4500
003 OSt
005 20220918214511.0
006 a|||||r|||| 00| 0
007 ta
008 220917b |||||||| |||| 00| 0 eng d
024 _a137,704
037 _cTextual
040 _aARTS
_cARTS
_beng
041 _2eng
_aeng
082 _aY:354.2, L9
100 _aGupta Beni
_9106038
245 0 _aMagical beliefs and superstitions
260 _aDelhi
_bSundeep India
_c1979
300 _a269p. 43 plates
_ccm.
500 _aBibliography p255-260
650 _aSOCIOLOGY
942 _hY:354.2, L9
_cTEXL
_2CC
999 _c260783
_d260783